Schaum's Outline of Theory and Problems of Differential Equations in SI Metric Units. (Record no. 547756)
[ view plain ]
| 000 -LEADER | |
|---|---|
| fixed length control field | 00504nfm a2200169 a 4500 |
| 020 ## - INTERNATIONAL STANDARD BOOK NUMBER | |
| International Standard Book Number | (pbk) |
| 082 ## - DEWEY DECIMAL CLASSIFICATION NUMBER | |
| Classification number | 515.35 |
| Author Mark | AYR |
| -- | L-1,P-48 |
| 100 1# - MAIN ENTRY--PERSONAL NAME | |
| Personal name | Ayres, Frank |
| 9 (RLIN) | 8744 |
| 245 1# - TITLE STATEMENT | |
| Title | Schaum's Outline of Theory and Problems of Differential Equations in SI Metric Units. |
| 250 ## - EDITION STATEMENT | |
| Edition statement | rep. ed. |
| 260 ## - PUBLICATION, DISTRIBUTION, ETC. | |
| Place of publication, distribution, etc. | Islamabad : |
| Name of publisher, distributor, etc. | National Book Foundation, |
| Date of publication, distribution, etc. | 1972 |
| 300 ## - PHYSICAL DESCRIPTION | |
| Extent | 295p. |
| 526 ## - STUDY PROGRAM INFORMATION NOTE | |
| Program name | 0 |
| Interest level | 0 |
| Reading level | 0 |
| Title point value | 515_350000000000000_AYR |
| 650 ## - SUBJECT ADDED ENTRY--TOPICAL TERM | |
| Topical term or geographic name entry element | Diffential Equations |
| 9 (RLIN) | 39968 |
| 650 ## - SUBJECT ADDED ENTRY--TOPICAL TERM | |
| Topical term or geographic name entry element | MCE |
| 9 (RLIN) | 379 |
| 942 ## - ADDED ENTRY ELEMENTS (KOHA) | |
| Source of classification or shelving scheme | |
| Koha item type | Book |
| Withdrawn status | Lost status | Source of classification or shelving scheme | Damaged status | Not for loan | Permanent Location | Current Location | Date acquired | Total Checkouts | Full call number | Barcode | Date last seen | Date last checked out | Price effective from | Koha item type |
|---|---|---|---|---|---|---|---|---|---|---|---|---|---|---|
| Military College of Engineering (MCE) | Military College of Engineering (MCE) | 08/05/2014 | 1 | 515.35 AYR | MCE-3967 | 06/24/2015 | 05/27/2015 | 08/05/2014 | Book |
